[Event "Tolima Region-ch"]
[Site "Tolima"]
[Date "2012.03.04"]
[Round "5.1"]
[White "Quinonez Lara, Maria Constanza"]
[Black "Gutierrez Villamil, Jonathan"]
[Result "0-1"]
[WhiteElo "1830"]
[BlackElo "2009"]
[PlyCount "34"]
[EventDate "2012.03.02"]
[EventType "swiss"]
[EventRounds "6"]
[EventCountry "COL"]
[SourceTitle "EXT 2024"]
[Source "ChessBase"]
[SourceDate "2023.10.10"]
[SourceVersion "1"]
[SourceVersionDate "2023.10.10"]
[SourceQuality "1"]

1. e4 e6 2. d3 d5 3. Nd2 Nf6 4. Ngf3 c5 5. c3 Nc6 6. Be2 Qc7 7. Qc2 a6 8. a4 b6 9. 0-0 Bb7 10. Re1 Be7 11. Nf1 0-0 12. Bg5 Rac8 13. Bh4 d4 14. c4 Rfd8 15. Bg3 e5 16. Nh4 g6 17. Qc1 Nb4 0-1

[Event "Bogota McGregor op 2nd"]
[Site "Bogota"]
[Date "2011.12.09"]
[Round "7"]
[White "Gutierrez Villamil, Jonathan"]
[Black "Manrique, Fernando"]
[Result "1/2-1/2"]
[WhiteElo "2089"]
[BlackElo "1972"]
[PlyCount "54"]
[EventDate "2011.12.06"]
[EventType "swiss"]
[EventRounds "10"]
[EventCountry "COL"]
[SourceTitle "CBM 145 Extra"]
[Source "ChessBase"]
[SourceDate "2012.01.03"]
[SourceVersion "1"]
[SourceVersionDate "2012.01.03"]
[SourceQuality "1"]

1. d4 Nf6 2. Nf3 d5 3. c4 c6 4. Nc3 dxc4 5. a4 Bf5 6. e3 Bd3 7. Bxd3 cxd3 8. Qxd3 a5 9. 0-0 Na6 10. e4 Nb4 11. Qe2 e6 12. Bg5 Be7 13. e5 Nfd5 14. Bxe7 Qxe7 15. Ne4 0-0 16. g3 Rfd8 17. Nfg5 h6 18. Qh5 Qe8 19. Nh3 f5 20. Qxe8+ Rxe8 21. Nd6 Re7 22. Nf4 Nxf4 23. gxf4 Nd5 24. Ra3 Nxf4 25. Rd1 Nd5 26. Rb3 Nb4 27. Rc1 Rd7 1/2-1/2

[Event "Bogota McGregor op 2nd"]
[Site "Bogota"]
[Date "2011.12.08"]
[Round "5"]
[White "Gutierrez Villamil, Jonathan"]
[Black "Torres, Juan Camilo"]
[Result "0-1"]
[WhiteElo "2089"]
[BlackElo "2267"]
[PlyCount "52"]
[EventDate "2011.12.06"]
[EventType "swiss"]
[EventRounds "10"]
[EventCountry "COL"]
[SourceTitle "CBM 145 Extra"]
[Source "ChessBase"]
[SourceDate "2012.01.03"]
[SourceVersion "1"]
[SourceVersionDate "2012.01.03"]
[SourceQuality "1"]

1. e4 c5 2. Nf3 e6 3. d4 cxd4 4. Nxd4 a6 5. Nc3 b5 6. Bd3 d6 7. 0-0 Nf6 8. Qe2 Be7 9. Kh1 Bb7 10. f4 0-0 11. a3 g6 12. f5 gxf5 13. Bh6 Re8 14. Nxf5 exf5 15. Rxf5 Kh8 16. e5 dxe5 17. Rxf6 Bxf6 18. Qh5 Rg8 19. Rg1 Rg6 20. Ne4 Qe7 21. Rf1 Nd7 22. Rf3 Rag8 23. Rh3 Rxg2 24. Be3 R8g7 25. Rg3 R2xg3 26. hxg3 Bg5 0-1

[Event "Bogota McGregor op 2nd"]
[Site "Bogota"]
[Date "2011.12.07"]
[Round "3"]
[White "Gutierrez Villamil, Jonathan"]
[Black "Ruiz Aguilar, Pablo Alexander"]
[Result "0-1"]
[WhiteElo "2089"]
[BlackElo "2294"]
[PlyCount "62"]
[EventDate "2011.12.06"]
[EventType "swiss"]
[EventRounds "10"]
[EventCountry "COL"]
[SourceTitle "CBM 145 Extra"]
[Source "ChessBase"]
[SourceDate "2012.01.03"]
[SourceVersion "1"]
[SourceVersionDate "2012.01.03"]
[SourceQuality "1"]

1. Nf3 Nf6 2. g3 b6 3. Bg2 Bb7 4. d4 e6 5. 0-0 Be7 6. Re1 0-0 7. Nbd2 d5 8. Ne5 c5 9. dxc5 bxc5 10. c4 Qc7 11. Nd3 d4 12. Nf3 Bd6 13. Bf4 Nbd7 14. Bxd6 Qxd6 15. Nd2 Bxg2 16. Kxg2 e5 17. e4 dxe3 18. Rxe3 Rad8 19. Qe2 Nb8 20. Nb3 Nc6 21. Ndxc5 Nd4 22. Nxd4 exd4 23. Nb7 Qc6+ 24. Qf3 Qxc4 25. Rd3 Rd5 26. Rad1 Rb8 27. Rb3 Qc8 28. Qf4 Rxb7 29. Rc1 Qa8 30. Rc7 Rxc7 31. Qxc7 Rd7+ 0-1